00962cam a22003017a 450000100090000000300040000900500170001300800410003001000170007102000250008802000220011303500240013504000390015904200140019805000270021208200180023924501060025724600160036326000520037930000500043149000260048150000200050763000220052763000220054965000250057170000200059680000440061615210452OSt20170224105521.0080307s2008 maua 001 0 eng d a 2008297154 a9781418843410 (pbk.) a1418843415 (pbk.) a(OCoLC)ocn179914842 aNUIcNUIdBTCTAdBAKERdYDXCPdDLC alccopycat00aQA76.9.D3bM57332 200800a005.75/6522200aMicrosoft Office Access 2007 :bcomprehensive concepts and techniques /cGary B. Shelly ... [et al.].30aAccess 2007 aBoston, MA :bThomson Course Technology,cc2008 a1 v. (various pagings) :bcol. ill. ;c28 cm.1 aShelly Cashman series aIncludes index.00aMicrosoft Access.00aMicrosoft Office. 0aDatabase management.1 aShelly, Gary B.1 aShelly, Gary B.tShelly Cashman series.